000 00483nam a22001817a 4500
003 LK-CoDNM
005 20241230133742.0
008 241230b |||||||| |||| 00| 0 eng d
040 _aLK-CoDNM
_dLK-CoDNM
_eLK-CoDNM
041 _aeng
080 _a3
_bJ10
100 _aFrederick Smith,
245 _aDescriptions Of New Species Of Hymenoptera
260 _aLondon
_bPrinted By Order Of The Trustees.
_c1879
300 _axxi, 240p. : 21 cm
650 _aScience
942 _cBK
999 _c234335
_d234335